[Event "Belgrade Investbank"]
[Site "Belgrade"]
[Date "1989.11.??"]
[Round "4"]
[White "Hjartarson, Johann"]
[Black "Ehlvest, Jaan"]
[Result "1/2-1/2"]
[WhiteElo "2555"]
[BlackElo "2620"]
[Annotator "Schussler,H"]
[PlyCount "47"]
[EventDate "1989.11.??"]
[EventType "tourn"]
[EventRounds "11"]
[EventCountry "YUG"]
[EventCategory "15"]
[SourceTitle "CBM 016"]
[Source "ChessBase"]
[SourceDate "1990.06.01"]
[SourceVersion "1"]
[SourceVersionDate "1990.06.01"]
[SourceQuality "1"]

1. d4 Nf6 2. c4 e6 3. Nf3 b6 4. g3 Ba6 5. b3 Bb4+ 6. Bd2 Be7 7. Bg2 c6 8. Bc3
d5 9. Ne5 Ne4 $5 {As far as I know, none has dared to play like this before.
Black leaves the White knight unchallenged (normal is 9. - Nfd7) and goes for
an adventure with his own kingknight.} 10. O-O (10. Bxe4 $5 dxe4 11. Qc2 f6 12.
Ng4 Nd7 $13) 10... Nxc3 11. Nxc3 O-O 12. e4 dxc4 13. Nxc4 b5 14. Ne3 Qa5 15.
Qc2 Nd7 16. Rfd1 Rfd8 17. a3 {An alternative is 17. e5 followed by f4 and Ne4.
In the game Black succedes to solve most of his problems by playing e6-e5.} Bb7
18. b4 Qb6 19. Qb3 a5 20. Rab1 axb4 21. axb4 e5 22. d5 Nf6 23. dxc6 Bxc6 24.
Ncd5 1/2-1/2

[Event "Biel"]
[Site "Biel"]
[Date "1990.??.??"]
[Round "5"]
[White "Hort, Vlastimil"]
[Black "Lautier, Joel"]
[Result "1/2-1/2"]
[WhiteElo "2545"]
[BlackElo "2570"]
[Annotator "Schussler,H"]
[PlyCount "66"]
[EventDate "1990.07.??"]
[EventType "tourn"]
[EventRounds "14"]
[EventCountry "SUI"]
[EventCategory "14"]
[SourceTitle "CBM 019"]
[Source "ChessBase"]
[SourceDate "1990.12.01"]
[SourceVersion "1"]
[SourceVersionDate "1990.12.01"]
[SourceQuality "1"]

1. d4 Nf6 2. c4 e6 3. Nf3 b6 4. g3 Ba6 5. b3 Bb4+ 6. Bd2 Be7 7. Bg2 c6 8. Bc3
Ne4 $5 {White can avoid this with 8.0-0 instead of 8.Bc3.} 9. Bb2 (9. Qc2 Nxc3
10. Nxc3 d5 11. O-O Nd7 $10) 9... d5 10. Nbd2 f5 $5 11. Qc2 Nd7 12. O-O O-O 13.
a3 Bf6 14. Rfd1 Qe7 15. a4 Rfd8 {The position could have been reached from a
Dutch Stonewall.} 16. Ne5 Rac8 17. Nxe4 fxe4 18. Ng4 Qf8 19. Nxf6+ Nxf6 20.
Rac1 Ng4 21. Rf1 Qf5 22. Qc3 Qh5 23. h3 Nf6 24. Qe3 Qg6 25. Rfd1 Qe8 26. Rd2
Qd7 27. Qf4 Qe7 28. Rdc2 Qb4 29. cxd5 exd5 30. Qe3 Qd6 31. Qf4 Qb4 32. Qe3 Qd6
33. Qf4 Qb4 1/2-1/2

[Event "Tilburg"]
[Site "Tilburg"]
[Date "1990.09.13"]
[Round "6"]
[White "Nikolic, Predrag"]
[Black "Gelfand, Boris"]
[Result "1/2-1/2"]
[WhiteElo "2600"]
[BlackElo "2680"]
[Annotator "Schussler,H"]
[PlyCount "100"]
[EventDate "1990.09.??"]
[EventType "tourn"]
[EventRounds "14"]
[EventCountry "NED"]
[EventCategory "16"]
[SourceTitle "CBM 020"]
[Source "ChessBase"]
[SourceDate "1991.02.01"]
[SourceVersion "1"]
[SourceVersionDate "1991.02.01"]
[SourceQuality "1"]

1. d4 Nf6 2. c4 e6 3. Nf3 b6 4. g3 Ba6 5. b3 d5 6. Bg2 dxc4 7. Ne5 Bb4+ 8. Kf1
Bd6 $5 (8... Nfd7 9. Nxc4 c6 10. Bb2 O-O 11. Nbd2 b5 12. Ne3 Bb7 $14 {
Karpov-Timman, matchgame 8, Malaysia 1990.}) 9. Nxc4 Nd5 10. Qd2 Nc6 11. Nxd6+
cxd6 12. Nc3 Nce7 13. Nxd5 Nxd5 $14 14. Bf3 O-O 15. Kg2 f5 16. a4 Bb7 17. Rd1
f4 18. Ba3 Qd7 19. Kg1 Rf6 20. Rf1 Raf8 21. Qd3 a6 22. Be4 g5 23. Bg2 g4 24.
Bh1 f3 $15 25. Rfe1 b5 26. axb5 axb5 27. e4 Ne7 28. Bxd6 Rg6 29. Bxe7 Qxe7 30.
Qxb5 Rd8 31. Ra5 Rxd4 32. h3 Rxe4 33. Rxe4 Bxe4 34. hxg4 Qd8 35. Ra1 Rxg4 36.
Qe5 Bd5 37. Ra7 Rg6 38. b4 Qf6 39. Qc7 Rg7 40. Qb8+ Qf8 41. Rxg7+ Kxg7 42. Qa7+
Kg6 43. Qd4 Qf5 44. Kh2 Qh5+ 45. Kg1 Qf5 46. Kh2 h5 47. b5 Qe4 48. Qh8 Qf5 49.
Qg8+ Kf6 50. b6 Qc2 {2.30-2.43} 1/2-1/2

[Event "Bern zt"]
[Site "Bern"]
[Date "1990.??.??"]
[Round "11"]
[White "Zueger, Beat"]
[Black "Fauland, Alexander"]
[Result "0-1"]
[WhiteElo "2415"]
[BlackElo "2480"]
[Annotator "Schussler,H"]
[PlyCount "84"]
[EventDate "1990.01.??"]
[EventType "tourn"]
[EventRounds "15"]
[EventCountry "SUI"]
[EventCategory "9"]
[SourceTitle "CBM 017"]
[Source "ChessBase"]
[SourceDate "1990.08.01"]
[SourceVersion "1"]
[SourceVersionDate "1990.08.01"]
[SourceQuality "1"]

1. d4 Nf6 2. c4 e6 3. Nf3 b6 4. g3 Ba6 5. b3 Bb4+ 6. Bd2 Be7 7. Bg2 c6 8. Bc3
O-O 9. Nbd2 d5 10. Ne5 Nfd7 11. Nxd7 Nxd7 12. O-O b5 13. Re1 Rb8 14. e4 dxc4
15. bxc4 bxc4 16. Qc2 Re8 17. Rad1 Nb6 18. a4 Qc7 19. Qa2 Red8 20. a5 Nc8 21.
Nxc4 Bb4 22. Bxb4 Rxb4 23. Bf1 Ne7 24. Rd2 h6 25. Rc1 Bb5 26. Qa3 Ra4 27. Qb3
a6 28. Rdd1 Qa7 29. Qc3 c5 $1 $17 30. d5 exd5 31. Nb6 Rxe4 32. Bg2 Re6 33. Qxc5
Rc6 34. Qd4 Qc7 35. Rxc6 Nxc6 36. Qc5 d4 37. Nd5 Qd6 38. Qxd6 Rxd6 39. Nc7 Nxa5
40. Ra1 Nb3 41. Rb1 Bc4 42. Re1 d3 0-1

[Event "Belgrade Investbank"]
[Site "Belgrade"]
[Date "1991.??.??"]
[Round "?"]
[White "Beliavsky, Alexander G"]
[Black "Ljubojevic, Ljubomir"]
[Result "1/2-1/2"]
[WhiteElo "2655"]
[BlackElo "2600"]
[Annotator "Schussler,H"]
[PlyCount "137"]
[EventDate "1991.11.??"]
[EventType "tourn"]
[EventRounds "11"]
[EventCountry "YUG"]
[EventCategory "15"]
[SourceTitle "CBM 027"]
[Source "ChessBase"]
[SourceDate "1992.04.01"]
[SourceVersion "1"]
[SourceVersionDate "1992.04.01"]
[SourceQuality "1"]

1. d4 Nf6 2. Nf3 e6 3. c4 b6 4. g3 Ba6 5. b3 Bb4+ 6. Bd2 Be7 7. Bg2 c6 8. Bc3
d5 9. Nbd2 Nbd7 10. O-O Rc8 {For the main-line 10. - 0-0 - see Karpov,
A-Polugajevski (CBM 27 game 525).} 11. Qb1 $5 {New.} (11. Re1 c5 12. dxc5 bxc5
13. cxd5 exd5 14. Bh3 $5 $13 {Stern,R-Petran,PA (CBM 27 game 197)}) 11... c5
12. dxc5 bxc5 13. e3 Rb8 14. Rd1 O-O 15. Ne5 Bb7 16. cxd5 exd5 17. Qf5 Nb6 18.
Rac1 Qc8 $1 $10 19. Qxc8 {Otherwise 19. - Qe6.} Rfxc8 20. Nd3 c4 21. Nf4 cxb3
22. axb3 Ne4 23. Be5 Bd6 24. Bxd6 Nxd6 25. Ra1 Nb5 26. Nf3 Rc3 27. Rdb1 Rc2 28.
Bf1 Nc3 29. Re1 Ne4 30. Be2 Ra8 31. Nd4 Rc3 32. Ra5 Nd2 33. Bd1 Ne4 34. f3 Nd6
35. Kf2 g5 36. Nfe2 Rc7 37. Bc2 Bc8 38. Rea1 g4 39. Nf4 gxf3 40. Kxf3 a6 41.
Bd3 h6 42. g4 Kf8 43. h3 Re7 44. Rc1 Bb7 45. Kf2 Nd7 $5 46. Nxd5 Re5 47. Nc6
Bxc6 48. Rxc6 Nb7 49. Raxa6 Rd8 50. Bc4 Nb8 51. Nf6 Nxc6 52. Rxc6 Rc5 53. Ra6
Nd6 54. Nh5 Nxc4 55. bxc4 Rxc4 56. Rxh6 Re8 57. Ng3 Re6 58. Rh8+ Ke7 59. Ra8
Kf6 60. Nf5 Rc5 61. Nd4 Rb6 62. Kg3 Rc1 63. Rg8 Ke7 64. Nf5+ Kf6 65. Kh4 Re1
66. Nh6 Ke7 67. Kg5 f6+ 68. Kh4 Rxe3 69. Nf5+ {69. - Kf7 70.Nxe3 Kxg8 71.g5!?
Rb4+ 72.Kh5 Rb5 73.Kg6 fxg5 74.Ng4!? =} 1/2-1/2

[Event "Rubinstein Memorial"]
[Site "Polanica Zdroj"]
[Date "1992.??.??"]
[Round "5"]
[White "Chernin, Alexander"]
[Black "Dorfman, Josif D"]
[Result "1/2-1/2"]
[WhiteElo "2600"]
[BlackElo "2610"]
[Annotator "Schussler,H"]
[PlyCount "77"]
[EventDate "1992.08.??"]
[EventType "tourn"]
[EventRounds "11"]
[EventCountry "POL"]
[EventCategory "12"]
[SourceTitle "CBM 031"]
[Source "ChessBase"]
[SourceDate "1992.12.01"]
[SourceVersion "1"]
[SourceVersionDate "1992.12.01"]
[SourceQuality "1"]

1. d4 Nf6 2. c4 e6 3. Nf3 b6 4. g3 Ba6 5. b3 Bb7 6. Bg2 Bb4+ 7. Bd2 a5 8. O-O
O-O 9. Nc3 (9. Qc2 d6 10. a3 Bxd2 11. Nbxd2 c5 12. e4 cxd4 13. Nxd4 Nc6 {
+/=/=, Beliavsky,A-Kortschnoj,V, Biel 1992, CBM 31 game 161.}) 9... Re8 10. Re1
Na6 11. Qc2 d5 12. cxd5 exd5 13. a3 Be7 {13. - Bf8!?} 14. Bc1 c5 15. Bb2 Ne4
16. e3 Rc8 {16. - Bf6} 17. Bh3 Rc7 18. Nb5 Rc6 19. Ne5 Rh6 20. Bg2 Nc7 21. Nc3
Nxc3 22. Bxc3 $14 Bd6 23. Nc4 Bf8 24. dxc5 Bxc5 25. Ne5 Nb5 26. Bb2 Qe7 27. a4
Nc7 28. Nd3 {28.Nf3 +/=} Bd6 29. Bd4 Na6 30. Qb2 Qg5 31. Rac1 Bf8 32. Qe2 Qf5
33. Red1 Rc8 34. Rxc8 Qxc8 35. Qd2 Rc6 $1 {+/=/=} 36. Rc1 (36. Bxd5 Rc2) 36...
Rxc1+ 37. Qxc1 Qxc1+ 38. Nxc1 Bc5 39. Ne2 1/2-1/2

[Event "URS-ch57"]
[Site "Leningrad"]
[Date "1990.??.??"]
[Round "?"]
[White "Vyzmanavin, Alexey"]
[Black "Bareev, Evgeny"]
[Result "1/2-1/2"]
[WhiteElo "2585"]
[BlackElo "2590"]
[Annotator "Schussler,H"]
[PlyCount "151"]
[EventDate "1990.10.??"]
[EventType "tourn"]
[EventRounds "13"]
[EventCountry "URS"]
[EventCategory "14"]
[SourceTitle "URS-ch"]
[Source "ChessBase"]
[SourceDate "1999.07.01"]
[SourceVersion "1"]
[SourceVersionDate "1999.07.01"]
[SourceQuality "1"]

1. d4 Nf6 2. c4 e6 3. Nf3 b6 4. g3 Ba6 5. b3 Bb4+ 6. Bd2 Be7 7. Bg2 c6 8. Bc3
d5 9. Ne5 Ne4 10. O-O Nxc3 11. Nxc3 O-O 12. Re1 f6 {A greedy new move.} (12...
Bb7 13. e4 dxc4 14. bxc4 Qd6 $14 15. Nf3 {Vyzmanavin-Bareev, Lvov (zt) 1990.})
13. Nd3 dxc4 14. Nf4 Bb4 15. Rc1 Re8 16. e3 (16. Bh3 $1 e5 17. Ne6 Qe7 18. d5
$16 {Bareev,E}) 16... Qd7 17. Qc2 Qf7 18. Red1 Bf8 19. h4 cxb3 20. Qxb3 Bb7 21.
Bh3 f5 22. e4 Bd6 23. exf5 Bxf4 24. gxf4 exf5 25. Qxf7+ Kxf7 26. Bxf5 Na6 27.
Ne4 Rad8 28. Ng5+ Kf6 29. Be4 h6 30. Bxc6 Re7 31. Bxb7 Rxb7 32. Ne4+ Kf5 33.
Ng3+ Kg6 34. Kg2 Kf7 35. Kf3 Rd5 36. Rd2 Rbd7 37. Ne2 Nc7 38. Rc3 Ra5 39. Rb3
Nd5 40. Nc3 Ne7 41. Ne2 Nf5 42. h5 Nd6 43. d5 Ne8 44. Rbd3 Nf6 45. Nc3 Nxh5 46.
Nd1 Ra4 47. Rd4 Rxd4 48. Rxd4 Nf6 49. Ne3 Ke7 50. Nf5+ Kd8 51. d6 Ne8 52. Ke4
Rf7 53. Ke5 Kd7 54. Rd3 h5 55. Ra3 a5 56. Rb3 b5 57. Rg3 b4 58. a3 Nf6 59. axb4
axb4 60. Ne3 Kc6 61. Ke6 Rb7 62. Nc4 Kc5 63. Na5 Rb6 64. Nb3+ Kc4 65. Na5+ Kd4
66. Nb3+ Kc4 67. Na5+ Kd4 68. Nb3+ Ke4 69. Nc5+ Kxf4 70. Nd3+ Ke4 71. Nxb4 Rxb4
72. Rxg7 Ne8 73. Rg5 Rb6 74. Ke7 Nf6 75. Kxf6 Rxd6+ 76. Kg7 1/2-1/2

[Event "SUI Grand Prix"]
[Site "Suhr"]
[Date "1990.??.??"]
[Round "3"]
[White "Brunner, Lucas"]
[Black "Huss, Andreas"]
[Result "1-0"]
[WhiteElo "2525"]
[BlackElo "2345"]
[Annotator "Schussler,H"]
[PlyCount "73"]
[EventDate "1990.??.??"]
[EventType "tourn"]
[EventRounds "9"]
[EventCountry "SUI"]
[EventCategory "9"]
[SourceTitle "CBM 017"]
[Source "ChessBase"]
[SourceDate "1990.08.01"]
[SourceVersion "1"]
[SourceVersionDate "1990.08.01"]
[SourceQuality "1"]

1. d4 e6 2. c4 Nf6 3. Nf3 b6 4. g3 Ba6 5. b3 Bb4+ 6. Bd2 Be7 7. Bg2 c6 8. Bc3
d5 9. Ne5 Nfd7 10. Nxd7 Nxd7 11. Nd2 f5 $5 12. O-O O-O 13. Bb2 Bd6 14. Rc1 Qe7
15. Nf3 Rac8 16. Qd2 Nf6 17. Ne5 Ne4 18. Qe3 Bxe5 19. dxe5 c5 20. f3 Ng5 21. h4
Nf7 22. cxd5 exd5 23. f4 d4 24. Qf2 Nh6 25. Bf3 Ng4 26. Bxg4 fxg4 27. Rfd1 Bb7
28. e3 Qe6 29. exd4 Qd5 30. Kh2 cxd4 31. Rxd4 Qb5 32. Rcd1 g5 33. e6 gxf4 34.
Rxf4 Rxf4 35. gxf4 Qf5 36. Rd7 Rc2 37. Rd8+ 1-0

[Event "OHRA-B"]
[Site "Amsterdam"]
[Date "1990.??.??"]
[Round "5"]
[White "Tukmakov, Vladimir B"]
[Black "Hellers, Ferdinand"]
[Result "1/2-1/2"]
[WhiteElo "2520"]
[BlackElo "2520"]
[Annotator "Schussler,H"]
[PlyCount "67"]
[EventDate "1990.07.??"]
[EventType "swiss"]
[EventRounds "9"]
[EventCountry "NED"]
[SourceTitle "CBM 020"]
[Source "ChessBase"]
[SourceDate "1991.02.01"]
[SourceVersion "1"]
[SourceVersionDate "1991.02.01"]
[SourceQuality "1"]

1. d4 Nf6 2. c4 e6 3. Nf3 b6 4. g3 Bb4+ 5. Bd2 Bxd2+ 6. Qxd2 Ba6 7. b3 c6 8.
Qb2 d5 9. Nbd2 Qe7 10. Bg2 O-O 11. Ne5 Bb7 12. O-O Nbd7 {13.Nd3 c5} 13. Nxd7
Qxd7 14. b4 Rac8 15. Rab1 Ba6 16. Rfc1 Ne8 17. a4 Bxc4 18. Nxc4 dxc4 19. Rxc4
Nd6 20. Rc2 Nf5 21. e3 Rc7 22. Rbc1 $14 Rfc8 23. Rc4 Ne7 24. Qc2 h6 25. Qe4 Qd6
26. Qc2 Nd5 27. Qb2 Kh8 28. R1c2 Kg8 29. e4 Ne7 30. Qc1 a6 31. Qe3 Qd8 32. d5
b5 33. axb5 axb5 34. Rc5 {Inviting a draw with 34. - cxd5 35.Rxc7 Rxc7 36.Rxc7
Qxc7 37.exd5 exd5 38.Bxd5 Nxd5 39.Qe8+ Kh7 40.Qe4+.} 1/2-1/2

[Event "Biel"]
[Site "Biel"]
[Date "1990.??.??"]
[Round "5"]
[White "Karpov, Anatoly"]
[Black "Polugaevsky, Lev"]
[Result "1-0"]
[WhiteElo "2730"]
[BlackElo "2610"]
[Annotator "Schussler,H"]
[PlyCount "55"]
[EventDate "1990.07.??"]
[EventType "tourn"]
[EventRounds "14"]
[EventCountry "SUI"]
[EventCategory "14"]
[SourceTitle "CBM 019"]
[Source "ChessBase"]
[SourceDate "1990.12.01"]
[SourceVersion "1"]
[SourceVersionDate "1990.12.01"]
[SourceQuality "1"]

1. d4 Nf6 2. c4 e6 3. Nf3 b6 4. g3 Ba6 5. Qa4 Bb7 6. Bg2 c5 7. dxc5 bxc5 (7...
Bxc5 8. O-O O-O 9. Nc3 Be7 10. Rd1 Na6 11. Be3 $5 {Karpov - Ehlvest,
SkellefteÅ 1989.}) 8. O-O Be7 9. Nc3 O-O 10. Rd1 d6 11. Bf4 Qb6 12. Rd2 Nc6 $5
(12... Rd8 13. Rad1 Ne8 14. Nb5 Na6 15. Qc2 h6 $10 {Ribli - Rodriguez, Am.
Subotica (izt) 1987.}) 13. Bxd6 {13.Qb5 was played in the Manila interzonal in
the game Salov - Chandler (see this disk).} Bxd6 14. Rxd6 Qxb2 15. Rb1 Qxc3 16.
Rxb7 Nd4 17. Qd1 Nxf3+ 18. Bxf3 Qxc4 19. a4 a5 20. Rb5 Ra7 21. Rd8 g5 {21. -
g6!? +=} 22. Rxf8+ Kxf8 23. Qd6+ Kg7 24. Rxc5 Rd7 25. Qe5 Qb4 26. Qxg5+ Kf8 27.
Rc8+ Ke7 28. Kg2 1-0

[Event "RUS-Cup01 Chigorin Memorial"]
[Site "St Petersburg"]
[Date "1996.??.??"]
[Round "7"]
[White "Tunik, Gennady"]
[Black "Brodsky, Michail"]
[Result "1/2-1/2"]
[WhiteElo "2440"]
[BlackElo "2510"]
[Annotator "Shipov,S"]
[PlyCount "98"]
[EventDate "1996.11.??"]
[EventType "swiss"]
[EventRounds "9"]
[EventCountry "RUS"]
[SourceTitle "CBM 056 Extra"]
[Source "ChessBase"]
[SourceDate "1997.03.01"]
[SourceVersion "1"]
[SourceVersionDate "1997.03.01"]
[SourceQuality "1"]

1. d4 Nf6 2. c4 e6 3. Nf3 b6 4. g3 Ba6 5. b3 Bb4+ 6. Bd2 Be7 7. Bg2 d5 8. cxd5
exd5 9. O-O O-O 10. Nc3 Bb7 11. Qc2 Na6 12. Rad1 (12. Rac1) (12. Rfd1) (12. Bf4
) 12... Re8 (12... Qc8 13. Bg5 (13. Nh4 Re8 14. Nf5 Bf8 15. Bh3 Qd8 16. Bf4 Ne4
17. Nxe4 dxe4 18. d5 Nb4 19. Qxc7 Qxc7 20. Bxc7 Nxd5 21. Rc1 Ba6 22. Rfd1 Nxc7
23. Rxc7 Bxe2 24. Rdd7 Red8 $10 {Hebden,M-Psakhis,L/Ostend/1992/0.5/40/}) 13...
Qe6 (13... Re8 14. Ne5 c5 15. Qb2 Nc7 16. e3 Qf5 17. f4 Rad8 18. Kh1 Qc8 $10 {
Neverov,V-Aseev,K/Sochi/1993/0:1/37/}) 14. Ne5 c5 15. e3 Rfd8 16. Ne2 cxd4 17.
exd4 Rac8 18. Qb1 Ne4 19. Bxe7 Qxe7 {Khalifman,A-Kengis,E/Lucerne/1993/0.5/26/}
) 13. Bg5 (13. Bf4 Qd7 14. Be5 Rad8 15. a3 $5 (15. Ng5 g6 16. Bh3 Qc6 17. Qd2
Nh5 $1 18. Nf3 f6 19. Bf4 Nxf4 20. gxf4 Bb4 21. Rc1 Qd6 22. e3 Qe7 23. Qd3 c6
$13 {Timoshchenko,G-Aseev,K/Frunze/1988/0.5/63/}) 15... Ne4 (15... Bxa3 16. Ng5
$36) 16. Nxe4 dxe4 17. Nd2 f6 18. Bf4 Bxa3 19. Nxe4 Nb4 20. Qb1 Nd5 21. Bd2 $14
{Ruban,V-Dautov,R/Tbilisi/1989/1:0/66/}) 13... Ne4 14. Bxe7 Qxe7 15. Nxe4 dxe4
16. Ne5 Nb4 17. Qb2 f6 18. Nc4 a5 $10 19. Rc1 Nd5 20. a3 Ra7 $5 (20... b5 $2
21. Ne3 $1 $16) 21. e3 (21. Rc2 $5 {/\ Rec1,Ne3/}) 21... Kh8 22. Rfe1 $6 (22.
Rfd1 $1 $10) 22... b5 $1 23. Nd2 b4 $1 24. Nxe4 (24. axb4 Nxb4 $1 25. Bf1 Bd5
$15) 24... bxa3 25. Qa1 Nb4 $15 {o^ a3/} 26. Nc5 Bxg2 27. Kxg2 Rb8 (27... a2)
28. e4 (28. Qxa3 $5 Nd3 29. Red1 Nxc1 30. Rxc1 $15) 28... a2 29. Qc3 c6 30. Ra1
(30. Nd3 $2 a4 31. Nxb4 Qxb4 32. Qxb4 Rxb4 33. Rxc6 h6 34. bxa4 Raxa4 35. Rcc1
(35. Ra1 $2 Rb1 36. Rc1 Rxc1 $19) 35... Rxd4 $17) 30... Qd6 31. Re2 (31. Nd3 a4
32. Nxb4 axb3 $1 $36) 31... Rd8 32. Rd2 Re7 (32... f5 $1 $36) 33. Qc4 $1 f5 $5
34. exf5 (34. f3 $2 fxe4 35. fxe4 Rf8 $36) 34... Qf6 (34... Rf8 $5) 35. Ne6 Rd5
36. g4 Rxe6 $1 (36... h5 37. h3 Qh4 $2 38. Qe2) (36... g6 $2 37. Raxa2 $1 gxf5
(37... Nxa2 38. Qxc6 $1 $36) 38. Qxb4 $3 $16) 37. fxe6 Qxe6 $13 38. f3 h5 39.
h3 Qd6 (39... c5 40. Re2 $1) 40. Qe2 $1 c5 41. Qe8+ Kh7 42. Re2 $1 h4 (42...
cxd4 $2 43. Re6 Qf4 44. Qg6+ Kg8 45. Re8+ $18) 43. Qe4+ Kg8 44. dxc5 (44. Qe8+
Kh7 $10) 44... Qg3+ 45. Kh1 Rxc5 (45... Qxh3+ $2 46. Rh2 Qg3 47. Rhxa2 $1 $16)
46. Rd1 Rd5 $1 47. Rde1 Rc5 48. Qe8+ Kh7 49. Qe4+ Kg8 1/2-1/2

[Event "St Petersburg op"]
[Site "St Petersburg"]
[Date "1993.??.??"]
[Round "?"]
[White "Shipov, Sergei"]
[Black "Goldin, Alexander"]
[Result "1/2-1/2"]
[WhiteElo "2500"]
[BlackElo "2540"]
[Annotator "Shipov,S"]
[PlyCount "164"]
[EventDate "1993.10.??"]
[EventType "swiss"]
[EventRounds "9"]
[EventCountry "RUS"]
[SourceTitle "CBM 039"]
[Source "ChessBase"]
[SourceDate "1994.04.01"]
[SourceVersion "1"]
[SourceVersionDate "1994.04.01"]
[SourceQuality "1"]

1. d4 Nf6 2. c4 e6 3. Nf3 b6 4. g3 Ba6 5. b3 d5 6. cxd5 exd5 7. Bg2 Bb4+ 8. Bd2
Bxd2+ 9. Qxd2 O-O 10. Nc3 Qe7 $1 $146 11. Ne5 $5 (11. O-O Rd8 {/\ c5<=>}) 11...
Bb7 12. O-O c5 13. e3 Na6 14. Rac1 Rfd8 $10 15. Rfd1 Nc7 (15... Ne4 $5 16. Qb2
Qf6) 16. Qb2 Ne6 17. Ne2 (17. Rd2 cxd4 18. exd4 Nxd4 $1) 17... Ne4 18. Nd3 $1
Rac8 $2 (18... Qf6 19. Ndf4 Nxf2 $5 20. Kxf2 g5 $13) (18... Ba6 $5 19. Qa3 Bxd3
20. Rxd3 Qf6 21. Rf1 Qg6 $132) 19. Ndf4 Nxf4 20. Nxf4 $14 {/\ Qa3, xc5,a7} c4
21. bxc4 dxc4 22. d5 $1 c3 $6 (22... g5 $6 23. Nh5 $1) (22... Ba6 $5 {/\ b5})
23. Qb3 (23. Qc2 $142 $1 $16 {x Ne4,c3}) 23... Nd2 $1 24. Qa4 a5 25. Qd4 Qb4
26. Qd3 Rc5 27. h4 (27. e4 $5 {/\ e5|^}) 27... Bc8 28. e4 Bg4 29. Re1 Qc4 30.
Qe3 Qxa2 31. Rxc3 (31. e5 $5 Qc4 $1 (31... Nb3 $2 32. e6 $1 fxe6 $8 33. Nxe6 (
33. dxe6 $2 Nxc1) 33... Re8 34. Rxc3 $18) 32. e6 fxe6 33. dxe6 (33. Nxe6 Re8
$13) 33... Re8 $1 (33... Nb3 $2 34. e7 Re8 35. Bd5+ $1 Rxd5 36. Rxc3 $18) 34.
e7 $36 {/\ Nd3-e5}) 31... Nc4 32. Qd4 Qd2 33. Qxd2 $2 (33. Nd3 $1 Rdc8 (33...
Nb2 $2 34. Rxc5 Nxd3 35. Rcc1 $1 $18) (33... Be2 $2 34. Rxe2 $1 $18) 34. d6 $36
) 33... Nxd2 34. Rxc5 bxc5 35. Rc1 $2 $138 (35. e5 $142 $1 $13) 35... Nb3 36.
Rc4 $1 (36. Rc3 $2 a4 37. e5 Ra8 38. d6 a3 $1 39. Bxa8 a2 $19) 36... Bd7 $2
$138 (36... Ra8 37. e5 a4 38. d6 Ra7 39. e6 $1 Bxe6 40. Nxe6 fxe6 41. Bc6 a3 $1
42. d7 Rxd7 43. Bxd7 a2 44. Ra4 $10) (36... f6 $142 $1 $17 {Goldin}) 37. e5 Bb5
38. Rc3 c4 39. d6 a4 40. Nd5 a3 41. Rc2 $16 Kf8 42. Nc3 (42. Ra2 Ra8 $1 43. Nc3
Ra5 44. Nxb5 Rxb5 45. Rxa3 Rxe5 46. Bd5 $1 (46. Bc6 $2 Ra5 $1) 46... Nd4 (46...
Rxd5 $4 47. Ra8#) 47. Bxc4 $16) 42... Bd7 43. Ra2 f6 $1 44. exf6 $2 (44. f4 $1
Re8 (44... fxe5 $2 45. fxe5 Re8 46. Rf2+ Kg8 47. Bd5+ $18) 45. exf6 gxf6 46.
Rxa3 $16) 44... gxf6 45. Bd5 (45. Rxa3 Be6 $14) 45... Nd4 $1 46. Rxa3 Nb5 $1
47. Nxb5 Bxb5 48. Ra5 Be8 49. Bxc4 Rxd6 $10 50. Bd5 Kg7 51. Bf3 Rd7 52. Kg2 (
52. g4 $5) 52... Rc7 53. Be4 (53. g4 $5) 53... Bg6 54. Bf5 h5 $1 55. Bxg6 Kxg6
56. Ra3 Rc2 57. Kf3 Rc4 58. Re3 Ra4 59. Re4 Ra2 60. Ke3 Ra3+ 61. Kf4 Ra2 62. f3
Rf2 63. Rd4 Rf1 64. Rd5 Rh1 65. Rc5 Rh2 66. Rc1 Ra2 67. Re1 Rf2 68. Rh1 Ra2 69.
Re1 Rf2 70. g4 hxg4 71. Kxg4 Rg2+ 72. Kf4 Rh2 73. Rg1+ Kf7 74. Kg4 Kg6 75. Kf4+
Kf7 76. Kg3 Ra2 77. h5 Ra5 78. Kh4 Ra4+ 79. Rg4 Ra1 80. Rg2 Ra4+ 81. Kg3 Ra5
82. Rh2 Kg7 1/2-1/2

[Event "Moscow B"]
[Site "Moscow"]
[Date "1994.??.??"]
[Round "9"]
[White "Shipov, Sergei"]
[Black "Gagarin, Vasilij"]
[Result "1/2-1/2"]
[WhiteElo "2525"]
[BlackElo "2425"]
[Annotator "Shipov,S"]
[PlyCount "119"]
[EventDate "1994.??.??"]
[EventType "tourn"]
[EventRounds "11"]
[EventCountry "RUS"]
[EventCategory "7"]
[SourceTitle "CBM 041"]
[Source "ChessBase"]
[SourceDate "1994.08.01"]
[SourceVersion "1"]
[SourceVersionDate "1994.08.01"]
[SourceQuality "1"]

1. d4 Nf6 2. Nf3 e6 3. c4 b6 4. g3 Ba6 5. b3 Bb4+ 6. Bd2 Be7 7. Bg2 c6 8. Bc3
d5 9. Ne5 Nfd7 10. Nxd7 Nxd7 11. Nd2 O-O 12. O-O Rc8 13. e4 b5 14. Re1 dxe4 15.
Bxe4 c5 $6 16. cxb5 $1 $146 (16. d5) 16... Bxb5 (16... cxd4 $2 17. Bxd4 Bxb5
18. Bxh7+ $1 $18) 17. d5 exd5 18. Bxd5 Nb6 (18... Bf6 19. Ne4 Bxc3 20. Nxc3 Ba6
$14) 19. Bg2 Bf6 (19... Bc6 20. Bxc6 Rxc6 21. Qf3 $16) 20. Bxf6 Qxf6 21. Ne4
Qg6 22. Qd2 $1 $16 {/\ Qa5 xc5,a7} Bc6 23. Rac1 (23. Qa5 $2 f5 $1 $132) 23...
c4 $5 24. bxc4 Rfd8 25. Qa5 f5 $1 26. Nd2 Bxg2 27. Kxg2 Rd3 28. Nf1 Qc6+ (28...
f4 $5) 29. Kg1 f4 30. Qf5 (30. Qxa7 $5) 30... Rd4 (30... Rf3 $2 31. Nd2 $1) 31.
Re7 Rf8 32. Qe5 Qf6 33. Qxf6 Rxf6 34. c5 Nc4 35. Rxa7 Ne5 36. Re7 Nc6 37. Rc7
$1 (37. Re2 Ra4 $1 38. Rb2 Nd4 $132) 37... h6 (37... Ra4 38. Nd2 $1 Rxa2 $140
39. Ne4 Re6 40. Rc8+ Kf7 41. Nd6+ $18) 38. Rb1 $1 Rd5 $2 $138 (38... Ra4 39.
Rbb7 $1 (39. Rb6 Nd4 $13) 39... Rg6 40. Rb6 Ne5 41. Rxg6 Nxg6 42. Nd2 Rxa2 43.
Nf3 $16) 39. a4 $2 $138 (39. Rb6 $1 Rxc5 40. Nd2 $16 fxg3 41. hxg3 Rc1+ 42. Kg2
Rc2 43. Nf3 Rxf3 44. Kxf3 Nd4+ 45. Ke4 Rxc7 46. Kxd4 Rc2 47. a4 Ra2 48. Ra6
Rxf2) 39... Rxc5 40. Nd2 (40. Rb6 Kh7 {/\ Nd4} 41. a5 f3 $13) 40... Ra5 41. Rb6
Ne5 $1 $14 42. Rb5 (42. Rxf6 gxf6 43. gxf4 Nd3 44. Ne4 Rxa4 45. Nxf6+ Kf8 $14)
42... Rxb5 43. axb5 fxg3 44. hxg3 (44. fxg3 $5) 44... Rd6 $1 (44... Nf3+ $2 45.
Nxf3 Rxf3 46. b6 Rb3 47. b7 Kh7 48. Kf1 $18) 45. Ne4 Rd1+ 46. Kg2 Rb1 47. f4 (
47. Nd6 Rb2 48. Nf5 Nd3 $10) 47... Rb2+ 48. Kh3 (48. Kf1 $5) 48... Nf3 49. Rc5
g6 $10 50. g4 Ng1+ 51. Kh4 Rb3 52. Nc3 Kf7 53. f5 Nf3+ 54. Kg3 Nd4 55. Kf4 Rxc3
56. Rxc3 Ne2+ 57. Ke5 Nxc3 58. b6 Na4 59. b7 Nc5 60. b8=N 1/2-1/2